Paroles Imaginer l'amour - Juliette Armanet - Statistiques

Statistiques générales
  • Ce quiz a été pris 23 fois
  • Le résultat moyen est 151 sur 196
Statistiques - réponses
Paroles % Correct
à
93%
Imaginer
93%
imaginer
93%
je
93%
Je
93%
la
93%
l'amour
93%
le
93%
les
93%
que
93%
ça
87%
ce
87%
cette
87%
de
87%
des
87%
et
87%
Et
87%
jamais
87%
jour
87%
n'aurai
87%
pas
87%
tour
87%
tu
87%
vie
87%
bien
80%
cou
80%
dans
80%
en
80%
ici
80%
joue
80%
me
80%
plein
80%
qui
80%
ton
80%
au
73%
cas
73%
corps
73%
étoiles
73%
l'aimais
73%
ma
73%
moi
73%
rire
73%
sûr
73%
toi
73%
tours
73%
tout
73%
bras
67%
bruit
67%
c'est
67%
encore
67%
ferait
67%
j'imagine
67%
l'été
67%
Parfois
67%
parfois
67%
qu'il
67%
reste
67%
rythme
67%
t'imagines
67%
beurrées
60%
comme
60%
Comme
60%
décor
60%
défier
60%
demande
60%
forêts
60%
fort
60%
fou
60%
j'en
60%
jusqu'à
60%
lumières
60%
mais
60%
mort
60%
nuit
60%
plus
60%
pour
60%
rendre
60%
soir
60%
splendeurs
60%
ta
60%
voix
60%
y
60%
aurait
53%
barbares
53%
bracelets
53%
chuchoterais
53%
courir
53%
l'aime
53%
l'aurore
53%
l'on
53%
prendrais
53%
sois
53%
accoudée
47%
fête
47%
m'emmène
47%
quand
47%
qu'jamais
47%
tête
47%
j'ai
40%
respirer
40%
Heureusement
33%
Aucun quiz correspondant
Distribution des résultats
% des personnes avec chaque résultat
Percentile par nombre de réponses
Votre historique - résultats
Vous n’avez pas pris ce quiz